| 000 | 01224cam a22003617a 4500 | ||
|---|---|---|---|
| 003 | CHAP | ||
| 005 | 20220329140037.0 | ||
| 008 | 971013s1975 r 00010 d | ||
| 010 | _a46106 | ||
| 011 | _a47078 | ||
| 035 | _a51219 | ||
| 040 | _cCHAP | ||
| 082 |
_a301.36 _bU5 |
||
| 100 | 0 | 0 |
_aUnikel S., Luis _ecomp. _9116198 |
| 245 | 0 | _aDesarrollo urbano y regional en América Latina | |
| 260 |
_aMéxico, D.F. : _bFondo de Cultura Económica, _c1975 |
||
| 300 | _a732 p. | ||
| 490 | 0 |
_aLecturas _v; 15 |
|
| 590 |
_aBATCH-UPD _b10 _c20130109 _lUCH01 _h2326 |
||
| 590 |
_aBATCH-UPD _b10 _c20130110 _lUCH01 _h1230 |
||
| 590 |
_aBATCH-UPD _b10 _c20130409 _lUCH01 _h1850 |
||
| 590 |
_aBATCH-UPD _b10 _c20130410 _lUCH01 _h0800 |
||
| 590 |
_aBATCH-UPD _b10 _c20130914 _lUCH01 _h1923 |
||
| 590 |
_aCONVERSION _b10 _c20130109 _lUCH01 _h1325 |
||
| 650 | 1 | 4 |
_aPoblación _xAmérica Latina. _989362 |
| 650 | 1 | 4 |
_aUrbanismo _xAmérica Latina. _9116826 |
| 700 | 0 |
_aNecochea, V., Andrés. _980675 |
|
| 830 | 0 |
_aLecturas _v; 15 _965503 |
|
| 901 | _aBK | ||
| 942 | _cLIBRO | ||
| 949 |
_a301.36 U5 _bBC _cLIBRO _d33724000227344 _eLIBRO _fc.2 _h47082 _i51219 _si _t180.00 |
||
| 949 |
_a301.36 U5 _bBC _cLIBRO _d33724000227351 _eLIBRO _h38640 _i51219 _si _t180.00 |
||
| 999 |
_c46106 _d46106 |
||